Tourism and biodiversity / (Record no. 66967)

MARC details
000 -LEADER
fixed length control field 00422nam a22001457a 4500
005 - DATE AND TIME OF LATEST TRANSACTION
control field 20180723124719.0
020 ## - INTERNATIONAL STANDARD BOOK NUMBER
International Standard Book Number 8188836729
Terms of availability 825.00
035 ## - SYSTEM CONTROL NUMBER
System control number B-219640, B-219639
037 ## - SOURCE OF ACQUISITION
Stock number DPL
Source of stock number/acquisition ENG
245 ## - TITLE STATEMENT
Title Tourism and biodiversity /
Statement of responsibility, etc by Romila Chawla
260 ## - PUBLICATION, DISTRIBUTION, ETC. (IMPRINT)
Place of publication, distribution, etc New Delhi
Name of publisher, distributor, etc Sonali Publications
Date of publication, distribution, etc 2005
300 ## - PHYSICAL DESCRIPTION
Extent 338p.
Dimensions 20 cms.
700 ## - ADDED ENTRY--PERSONAL NAME
Personal name Chawla, Romila
9 (RLIN) 47593
942 ## - ADDED ENTRY ELEMENTS (KOHA)
Source of classification or shelving scheme Dewey Decimal Classification
Item type English Books
Classification part 338.4791
Call number suffix TOU
Holdings
Withdrawn status Lost status Not for loan Collection code Home library Current library Date acquired Cost, normal purchase price Full call number Barcode Cost, replacement price Koha item type Source of acquisition
      Non-fiction Patel Nagar Patel Nagar 23/07/2018 825.00 338.4791 TOU   825.00 English Books BPPD/PUB
      Non-fiction Sarojini Nagar Sarojini Nagar 21/05/2012 825.00 338.4791 TOU B-219640 825.00 English Books  

© Delhi Public Library
Hit Counter
free hit counter